| 000 | 00333nam a22001337a 4500 | ||
|---|---|---|---|
| 008 | 210303b ||||| |||| 00| 0 eng d | ||
| 020 | _a9781584263524 | ||
| 041 | _aeng | ||
| 080 |
_24th _a61 |
||
| 100 | _a4 | ||
| 101 | _aSHM | ||
| 245 |
_aHealth Information Management Technology:An applied Approach _cSayles,B.N |
||
| 942 |
_2udc _cBK |
||
| 999 |
_c55605 _d55605 |
||